Nuclear physics. / (Record no. 9383)
[ view plain ]
| 000 -LEADER | |
|---|---|
| fixed length control field | 01491nam a2200373 a 4500 |
| 001 - CONTROL NUMBER | |
| control field | 9383 |
| 003 - CONTROL NUMBER IDENTIFIER | |
| rucl marc code | BD-RjUL |
| 005 - DATE AND TIME OF LATEST TRANSACTION | |
| control field | 20211208234752.0 |
| 008 - FIXED-LENGTH DATA ELEMENTS--GENERAL INFORMATION | |
| fixed length control field | 140120s1974 gw a b 000 0 eng |
| 020 ## - INTERNATIONAL STANDARD BOOK NUMBER | |
| International Standard Book Number | 0387066411 |
| International Standard Book Number | 9780387066417 |
| 035 ## - SYSTEM CONTROL NUMBER | |
| System control number | (BD-RjUL)9428 |
| 040 ## - CATALOGING SOURCE | |
| Original cataloging agency | OCoLC |
| Language of cataloging | eng |
| Transcribing agency | BD-RjUL |
| Modifying agency | BD-RjUL |
| 041 ## - LANGUAGE CODE | |
| Language code of text/sound track or separate title | eng |
| 082 00 - DEWEY DECIMAL CLASSIFICATION NUMBER | |
| Classification number | 539.08 |
| Author mark and year | SPR 1974 |
| 245 00 - TITLE STATEMENT | |
| Title | Nuclear physics. / |
| Statement of responsibility, etc. | Herbert Uberall, Study of nuclear structure by muon capture. |
| 260 ## - PUBLICATION, DISTRIBUTION, ETC. (IMPRINT) | |
| Place of publication, distribution, etc. | Berlin ; |
| -- | New York : |
| Name of publisher, distributor, etc. | Springer-Verlag, |
| Date of publication, distribution, etc. | 1974. |
| 300 ## - PHYSICAL DESCRIPTION | |
| Pagination | 245 p. : |
| Illustrations | ill. ; |
| Size | 24 cm. |
| 490 1# - SERIES STATEMENT | |
| Series statement | Springer tracts in modern physics ; |
| Volume/sequential designation | v. 71 |
| 500 ## - GENERAL NOTE | |
| General note | Cover title. |
| 504 ## - BIBLIOGRAPHY, ETC. NOTE | |
| Bibliography, etc | Includes bibliographies. |
| 505 0# - FORMATTED CONTENTS NOTE | |
| Formatted contents note | �Uberall, H. Study of nuclear structure by muon capture.--Singer, P. Emission of particles following muon capture in intermediate and heavy nuclei.--Levinger, J. S. The two and three body problem. |
| 650 #0 - SUBJECT ADDED ENTRY--TOPICAL TERM | |
| Topical term or geographic name as entry element | Nuclear physics. |
| 9 (RLIN) | 29062 |
| Topical term or geographic name as entry element | Muons |
| General subdivision | Capture. |
| 9 (RLIN) | 29063 |
| Topical term or geographic name as entry element | Kernfysica. |
| Source of heading or term | gtt |
| 9 (RLIN) | 28470 |
| 700 1# - ADDED ENTRY--PERSONAL NAME | |
| Personal name | Uberall, Herbert, |
| Dates associated with a name | 1931- |
| Personal name | Singer, Paul, |
| Dates associated with a name | 1934- |
| Personal name | Levinger, Joseph S., |
| Dates associated with a name | 1921- |
| 830 #0 - SERIES ADDED ENTRY--UNIFORM TITLE | |
| Volume number/sequential designation | v. 71. |
| 830 #0 - SERIES ADDED ENTRY--UNIFORM TITLE | |
| Uniform title | Springer tracts in modern physics ; |
| 942 ## - ADDED ENTRY ELEMENTS (KOHA) | |
| Source of classification or shelving scheme | Dewey Decimal Classification |
| Koha item type | Books |
| Lost status | Source of classification or shelving scheme | Damaged status | Not for loan | Collection code | Permanent Location | Current Location | Shelving location | Date acquired | Source of acquisition | Cost, normal purchase price | Total Checkouts | Full call number | Date last seen | Copy number | Koha item type |
|---|---|---|---|---|---|---|---|---|---|---|---|---|---|---|---|
| Dewey Decimal Classification | Not For Loan | Non-fiction | Central Library, University of Rajshahi | Central Library, University of Rajshahi | Reading Room | 19/05/1983 | Heffers. | 28.30 | 539.08 SPR 1974 | 20/01/2014 | C-1 | Books |